[Event "Olympiad-43"]
[Site "Batumi"]
[Date "2018.09.30"]
[Round "6.1"]
[White "Duda, Jan Krzysztof"]
[Black "Ivanchuk, Vassily"]
[Result "1-0"]
[WhiteElo "2739"]
[BlackElo "2710"]
[Annotator "Ganguly, Surya Sekhar "]
[PlyCount "63"]
[EventDate "2018.09.24"]
[EventType "team-swiss"]
[EventRounds "11"]
[EventCountry "GEO"]
[SourceTitle "CBM 187"]
[Source "ChessBase"]
[SourceDate "2018.12.11"]
[SourceVersion "1"]
[SourceVersionDate "2018.12.11"]
[SourceQuality "1"]
[WhiteTeam "Poland"]
[BlackTeam "Ukraine"]
[WhiteTeamCountry "POL"]
[BlackTeamCountry "UKR"]

1. c4 Nf6 2. Nc3 d5 {One can never predict which opening Ivanchuk might play
since he is capable of playing A00 to E99 with either colour. Today he was in
mood for a Grünfeld setup.} 3. cxd5 Nxd5 4. Nf3 g6 5. Qb3 Nb6 6. d4 Bg7 7. Bf4
Be6 8. Qa3 {A very popular anti Grünfeld system} O-O (8... c5 $5 {I came up
with this novelty back in 2009 and since then many games have been played.
However, both 8...0-0 and 8...Nc6 are more popular.}) 9. e3 N8d7 10. Rd1 {
Ivanchuk himself had this position as White against MVL back in the 2010
Olympiad where MVL opted for 10...a5} c6 11. Ng5 Bf5 $146 {A number of top
games reached this position and everyone earlier opted either for Bc4 or Bd5.
Grischuk, Svidler and Sutovsky all seemed to prefer Bd5 here.} 12. e4 Bg4 {
Ivanchuk was playing very fast indicating this line had been checked properly.}
(12... e5 13. dxe5 Bg4 {is another direction}) 13. Be2 {Only here did Ivanchuk
finally start to think} (13. f3 e5 $1 {is the whole point of this bishop dance.
} 14. dxe5 h6 $132) 13... Bxe2 14. Nxe2 Qe8 $2 {Somehow this move doesn't fit
in with the spirit of the position} (14... Nc4 $5 {is more to the point} 15.
Qh3 (15. Qb4 e5) 15... h6 $1 16. Ne6 {does look scary and perhaps bothered
Ivanchuk but Black is active enough to counter-attack immediately.} Qa5+ 17.
Kf1 fxe6 18. Qxe6+ Kh7 19. Qxc4 e5 $132) 15. Qh3 $1 (15. e5 $5) 15... h6 16.
Nf3 h5 (16... g5 17. Bxg5 hxg5 18. Nxg5 Nf6 19. Ng3 {Kills}) 17. e5 {White now
gets more space and Black lacks an immediate counter.} Nd5 18. g4 $1 {The
computer doesn't like this due to Black's brilliant piece sacrifice but in a
practical game this is clearly the best move.} Qc8 $6 (18... N7f6 $3 {
Brilliant resource! It is not obvious why this sac should work. As a matter of
fact Black still remains worse but definitely much better than the game
continuation.} 19. exf6 Nxf4 (19... exf6 $5 20. Be3 (20. Kf1 Qxe2+) 20... Nxe3
21. fxe3 hxg4 22. Qxg4 Qxe3 23. Kf1 {White keeps the advantage}) 20. Nxf4 exf6+
21. Kf1 (21. Ne2 Qe4 $1 22. gxh5 Rae8 23. O-O Qxe2 $132) 21... Qe4 $1 {thanks
to this move Black now gets back the piece.} 22. Nxh5 (22. Qg3 h4 $1) 22...
gxh5 23. Rg1 Rfe8 24. gxh5 Kh8 {White is better but not winning outright.}) 19.
Qh4 $1 {Very precise. White simply gets away from the pin and avoids any queen
exchanging ideas and also renews the threat of gh5} (19. gxh5 Nxe5 {was the
little trap.}) 19... Rd8 (19... N7f6 {would have been more resilient but White
has an ice cool reply here....} 20. h3 (20. exf6 exf6 21. gxh5 g5 22. Bxg5 fxg5
23. Qxg5 {also looked great}) 20... Re8 21. Rg1 {No rush! Black is completely
paralysed and White can slowly make some more useful moves before taking the
piece and opening up the kingside.}) 20. gxh5 Nf8 21. hxg6 {The human way to
continue the attack.} (21. h6 $1 {Often engines overestimate the pawn on h6
but in this particular case it is correct.} Bh8 22. Bd2 {would have been
crushing} Qf5 23. Ng5 Nh7 24. Ng3 Qc8 25. Nf3 {Black is completely stuck and
White can slowly win the game.}) 21... Nxg6 22. Qg3 Qf5 23. Bc1 Kf8 (23... c5
24. Rg1 (24. h4 cxd4 25. h5 d3 $19) 24... cxd4 25. Nexd4 Qe4+ 26. Kf1 $16) 24.
h4 Qh5 25. Qg2 (25. Rg1 $1 Ke8 (25... e6 26. Ng5 $18) 26. Qg4 {[%csl Rg6,Rg7]
Surprising, but wins on the spot!}) 25... Ke8 26. Ng5 Bh6 (26... Qxe2+ 27. Kxe2
Ngf4+ 28. Kf3 Nxg2 29. Kxg2 $18 {Black is still stuck with his horrible
dark-squared bishop and now White even has a strong passed pawn.}) 27. Qf3 {
Pretty much everything wins here. This move keeps things under control but
reduces the advantage to a certain extent.} (27. e6 $1 {would have been more
brutal.} fxe6 (27... Qxe2+ 28. Kxe2 Ndf4+ 29. Bxf4 Nxf4+ 30. Kf3 Nxg2 31. exf7+
$18) (27... f6 28. Ng3 Ngf4 29. Nxh5 Nxg2+ 30. Kf1 $18) 28. Ng3 Ngf4 (28... Qg4
29. f3 $18) 29. Nxh5 Nxg2+ 30. Kf1 $18) 27... Qxf3 28. Nxf3 Bxc1 29. Rxc1 f6
30. Kd2 Kf7 31. Rcg1 (31. h5 Ngf4 32. Nxf4 Nxf4 33. h6 $18) 31... Rh8 {A
blunder in a depressing position} (31... Ngf4 32. Ng3 {Black is apawn down
with no compensation nevertheless White will have to show precise technique to
win the game here.}) 32. e6+ 1-0

[Event "Sitges Sunway op-A 5th"]
[Site "Sitges"]
[Date "2018.12.17"]
[Round "4"]
[White "Jimenez Ruano, Adrian"]
[Black "Ivanchuk, Vassily"]
[Result "0-1"]
[WhiteElo "2245"]
[BlackElo "2717"]
[PlyCount "104"]
[EventDate "2018.12.14"]
[EventType "swiss"]
[EventRounds "10"]
[EventCountry "ESP"]
[SourceTitle "CBM 187 Extra"]
[Source "ChessBase"]
[SourceDate "2018.11.04"]
[SourceVersion "1"]
[SourceVersionDate "2018.11.04"]
[SourceQuality "1"]

1. d4 Nf6 2. c4 e6 3. Nc3 Bb4 4. e3 O-O 5. Bd3 c5 6. Nge2 d5 7. cxd5 cxd4 8.
exd4 Nxd5 9. O-O Nc6 10. Nxd5 exd5 11. Nf4 Bd6 12. Be3 Ne7 13. Qb3 b6 14. Rac1
Bb7 15. Bb1 Qd7 16. Qd3 g6 17. Nh5 f6 18. Bf4 Nc6 19. a3 Rf7 20. Bxd6 Qxd6 21.
Ng3 Re8 22. Rfe1 Rfe7 23. Rxe7 Rxe7 24. Ba2 Kg7 25. Qd2 Ba6 26. h3 h5 27. Qc3
Nd8 28. Re1 Rxe1+ 29. Qxe1 Ne6 30. Qe3 Nf4 31. h4 Qc7 32. Bb1 Kf7 33. Qd2 f5
34. Ba2 Kf6 35. Qe3 Bb5 36. Qd2 a5 37. Qe3 Qd6 38. Qd2 Bc4 39. Bb1 Ke6 40. Qe3+
Kd7 41. Bc2 Kc7 42. Qc3 Kb7 43. Bb3 Bxb3 44. Qxb3 Qe7 45. Qf3 Qxh4 46. Nxf5
gxf5 47. g3 Nh3+ 48. Kg2 Qxd4 49. Qxf5 Qxf2+ 50. Qxf2 Nxf2 51. Kxf2 Kc6 52. Ke2
a4 0-1

[Event "Sitges Sunway op-A 5th"]
[Site "Sitges"]
[Date "2018.12.19"]
[Round "6"]
[White "Ivanchuk, Vassily"]
[Black "Ayats Llobera, Gerard"]
[Result "1-0"]
[WhiteElo "2717"]
[BlackElo "2395"]
[PlyCount "101"]
[EventDate "2018.12.14"]
[EventType "swiss"]
[EventRounds "10"]
[EventCountry "ESP"]
[SourceTitle "CBM 187 Extra"]
[Source "ChessBase"]
[SourceDate "2018.11.04"]
[SourceVersion "1"]
[SourceVersionDate "2018.11.04"]
[SourceQuality "1"]

1. d4 d5 2. c4 Nc6 3. Nf3 Bg4 4. Nc3 e6 5. Bf4 Nf6 6. e3 Bd6 7. Bg5 dxc4 8.
Bxc4 h6 9. Bh4 O-O 10. Be2 Be7 11. O-O Nd5 12. Bg3 Nxc3 13. bxc3 Bd6 14. c4
Bxg3 15. hxg3 b6 16. c5 Ne7 17. Qc2 bxc5 18. Rfd1 c6 19. Qxc5 Qc7 20. Rac1 Rab8
21. Qc2 Bxf3 22. Bxf3 Rb6 23. Rd2 Rfb8 24. Be4 a5 25. g4 Nd5 26. Qa4 Nf6 27.
Bf3 Rb1 28. Rdc2 R8b2 29. g3 Qb6 30. Rxb1 Rxb1+ 31. Kg2 Ra1 32. Rxc6 Qb1 33.
Rc8+ Kh7 34. Qc2+ Qxc2 35. Rxc2 Kg8 36. Be2 Kf8 37. Kf3 Nd5 38. Bc4 Nb6 39. Bb5
Nd5 40. e4 Nb4 41. Rc8+ Ke7 42. a4 f6 43. Rc7+ Kf8 44. Ra7 Re1 45. Rxa5 Nc2 46.
Ra8+ Ke7 47. Ra7+ Kf8 48. d5 exd5 49. exd5 Re5 50. Ra8+ Kf7 51. Kg2 1-0

[Event "Leon 32nd"]
[Site "Leon"]
[Date "2019.07.07"]
[Round "2.4"]
[White "Ivanchuk, Vassily"]
[Black "Maghsoodloo, Parham"]
[Result "0-1"]
[WhiteElo "2684"]
[BlackElo "2656"]
[Annotator "Rahal,M"]
[PlyCount "70"]
[EventDate "2019.07.05"]
[EventType "k.o. (rapid)"]
[EventRounds "2"]
[EventCountry "ESP"]
[SourceTitle "CBM 191 Extra"]
[Source "ChessBase"]
[SourceDate "2019.09.30"]
[SourceVersion "1"]
[SourceVersionDate "2019.09.30"]
[SourceQuality "1"]

{[%evp 0,70,30,21,51,52,59,31,31,19,31,31,68,34,90,55,70,35,37,33,18,31,31,-5,
29,18,39,17,28,-1,12,-5,-5,-5,-13,-5,7,7,18,24,24,-16,6,9,28,29,29,-25,12,-4,
56,80,62,43,47,32,34,41,44,14,14,-48,-82,-216,-216,-216,-216,-144,-117,-897,
-1317,-29997,-29998] Ivanchuk was trailing 2-1 at this point, so his only
chance was to go all in to tie the match and try his luck with the tiebreaks.} 
1. e4 c5 2. Nf3 (2. Nc3 Nc6 3. Nge2 d6 4. d4 cxd4 5. Nxd4 {0-1 (54) Karthik,V 
(2519)-Maghsoodloo,P (2649) Manavgat 2018}) 2... Nc6 (2... d6 3. d4 cxd4 4.
Nxd4 Nf6 5. Nc3 {0-1 (41) Kuipers,S (2470)-Maghsoodloo,P (2679) Wijk aan Zee
2019}) 3. d4 cxd4 4. Nxd4 Nf6 5. Nc3 d6 6. Bg5 {The Richter-Rauzer attack
against the Classical Sicilian. Although GM Kozul is the main man in the
variation with Black, Maghsoodloo has played several games recently. However,
I was slightly surprised to see that Ivanchuk had no recent games with White
in this line.} e6 7. Qd2 (7. Bb5 Bd7 8. Qd3 h6 9. Bh4 Be7 10. O-O-O O-O 11.
Bxc6 Bxc6 12. f4 Rc8 13. Rhe1 a6 14. Nxc6 Rxc6 15. e5 Ne8 16. Bxe7 Qxe7 17. Kb1
b5 18. Ne4 d5 19. Ng3 b4 20. Ne2 Nc7 21. Nd4 Rc4 22. f5 Nb5 23. Qg3 Qg5 24.
Qxg5 hxg5 25. Nf3 g4 26. Ng5 exf5 27. Rxd5 Re8 28. Red1 Rc7 29. Rd8 Rce7 30. a4
bxa3 31. c4 Nc7 32. R1d7 Rxd7 33. Rxd7 Ne6 34. Nxe6 Rxe6 35. c5 axb2 36. Kxb2
Rxe5 37. c6 Rc5 38. c7 Kh7 39. Rxf7 Kg6 40. Rd7 Kf6 41. g3 g5 42. Kb3 a5 43.
Ka4 f4 44. gxf4 gxf4 45. Rd6+ Ke5 46. Rd7 f3 47. Rg7 Kf4 48. Rf7+ Ke3 49. Re7+
Kf2 50. Rg7 Ke2 {0-1 (50) Sandipan,C (2534)-Maghsoodloo,P (2673) Sharjah 2019})
7... a6 8. O-O-O Bd7 9. f3 ({The main line is} 9. f4 b5 10. Bxf6 gxf6 11. Kb1
Qb6 12. Nxc6 Bxc6 13. Qe1 O-O-O 14. Bd3 Qc5 15. Qh4 Be7 16. f5 h5 17. Qh3 Bd7
18. Ne2 exf5 19. Qf3 fxe4 20. Bxe4 Bg4 21. Qf1 d5 22. Bf5+ Kb7 23. Bxg4 hxg4
24. Rd4 Qc8 25. h3 gxh3 26. gxh3 Rh5 27. Qf3 Rf5 28. Rf4 Rxf4 29. Nxf4 Qf5 30.
Rf1 Qe4 31. Qh5 d4 32. Nd3 Qd5 33. Qe2 Qe6 34. Qf3+ Qd5 35. Qf2 Rh8 36. h4 f5
37. Qxf5 Qxf5 38. Rxf5 Rxh4 39. a4 f6 40. axb5 axb5 41. Rxb5+ Kc6 42. Ra5 Rh8 {
1/2-1/2 (42) Vokhidov,S (2494)-Maghsoodloo,P (2673) Sharjah 2019}) 9... Be7 10.
Kb1 {Both 10.h4 and 10.Be3 are decent and more played alternatives. The game
has more or less transposed to the famous English Attack against the Najdorf/
Scheveningen, in which both players castle on opposite sides of the board: an
ideal situation for a must-win game.} (10. h4 h6 11. Be3 h5 12. Kb1 b5 13. Nxc6
Bxc6 14. Ne2 Qc7 15. Nd4 Bd7 16. Bg5 Rb8 17. Nb3 e5 18. g3 Be6 19. Bh3 Rd8 20.
Bxe6 fxe6 21. Rhe1 O-O 22. Qe2 Rc8 23. Rd3 a5 24. Rc3 Qb6 25. Rxc8 Rxc8 26. Nc1
b4 27. f4 exf4 28. gxf4 Qc7 29. Nd3 Ng4 30. Rc1 Bxg5 31. hxg5 Qf7 32. Rf1 g6
33. b3 Rf8 34. Rd1 Qe7 35. Rf1 e5 36. fxe5 Rxf1+ 37. Qxf1 dxe5 38. Qc1 Kg7 39.
Qd2 Qd8 40. Qc1 h4 41. Qg1 Qxg5 42. Nc5 Kf7 43. Qf1+ Qf6 44. Qe2 Nh6 45. Qd2
Kg7 46. Qd7+ Nf7 47. Ne6+ Kh6 48. Nf8 Ng5 49. Qe8 Qf7 {0-1 (49) Hossain,E 
(2473)-Maghsoodloo,P (2636) Hamedan 2018}) 10... O-O 11. Be3 (11. h4 b5 12.
Nxc6 Bxc6 13. Ne2 {with the idea Nd4-g4 with an attack is more to the point.})
11... b5 12. g4 Nxd4 13. Bxd4 Bc6 14. g5 Nd7 15. h4 b4 16. Ne2 d5 $5 {
Protecting the b4 pawn with the bishop and either opening up the center for
the light-square bishop or, as in the game, shutting down the activity of both
bishops (c6 but also d4). After the game Maghsoodloo mentioned that his
team-mate iranian GM Tabatabei had analysed this position and found it
playable.} 17. e5 a5 18. f4 ({The computer claims an advantage for White with} 
18. Nf4 $5 {followed by the pawn sacrifice 19.g6 and then 20.h5 opening lines
for the heavy pieces.}) 18... Nc5 $1 {The black knight heads towards the e4 
(or a4) squares.} ({A previous game between Hracek,Z (2633) and Samsonkin,A 
(2409) in Khanty-Mansiysk 2010 had continued} 18... a4 19. h5 b3 20. g6 $1 Nc5
{and now} 21. h6 $5 {is equal according to the computer but in my opinion
anything but a draw can happen here!}) 19. Qe3 Ne4 20. Bh3 $5 {Threatening
ideas with maybe 21.f5 or even 21.g6!? followed by 22.h5.} (20. Ng3 {was
probably a more solid option}) 20... Bd7 $1 {Defending against f5 while at the
same time opening the c-file for an attack on c2.} 21. Bg2 $1 {Ivanchuk wants
to exchange the strong knight on e4 but he does lose a tempi. The computer
however agrees with his decision!} Qc7 $1 22. Bxe4 dxe4 23. Ng3 {It seems that
White is doing well by attacking the e4 pawn and f5-h5 are on the line.
However, Black also can attack with a4-b3 and also the light-squared bishop
could now become very strong in some situations. At this point there was a lot
of excitement in the playing hall as anything could happen.} (23. Qxe4 $2 Bc6
$19 {[%csl Rh1]}) 23... Rfc8 {Attacking c2.} 24. Rh2 a4 25. Nxe4 b3 {White has
won a pawn but Black strikes first...} 26. cxb3 $2 {The classical defensive
approach in these types of position (cxb3 followed by a3 closing the queenside)
will not work here.} ({The key move was} 26. Bc3 $1 {and now} bxa2+ (26...
bxc2+ 27. Rxc2 $16) (26... a3 27. cxb3 axb2 28. Bxb2 $16) 27. Ka1 $1 {Using
the black pawn as a shield} a3 28. b3 {and White is fully protected and can
now counterattack on the kingside}) 26... axb3 27. a3 Bc6 $1 28. Rhd2 ({
The idea behind 27...Bc6 can be seen in the line} 28. h5 Bxe4+ $1 29. Qxe4 Ra4
$1 {Threatening all sorts of tactics based on White's back-rank weakness and
the pawn on b3. The main threat is 30...Rxd4 winning.}) {Black increases the
pressure on files and diagonals. Although the computer says that White is fine,
in practice it's easy to overstep.} 28... Ra4 29. Nc3 ({Returning the pawn with
} 29. Nd6 Bxd6 30. exd6 Qxd6 31. h5 {would still be very unclear.} ({However,} 
31. Bxg7 $2 {loses to} Be4+ $1 32. Qxe4 (32. Ka1 Rxa3+ 33. bxa3 Qxa3+ 34. Ra2
Qxa2#) 32... Qxd2 $1 33. Rxd2 Rxe4 $19)) 29... Rc4 30. f5 $2 {Ivanchuk, who up
to now had played a very decent game, loses his cool and opens up the position
at a bad moment.} (30. h5 Qb7 31. Rd3 {and Black has obvious compensation for
the pawn but there's no clear way to break open White's castled king.}) 30...
exf5 31. e6 Be4+ $1 ({But not} 31... fxe6 $2 32. Qxe6+ Kh8 33. Bxg7+ $1 Kxg7
34. Rd7 $1 Bxd7 35. Qxe7+ Kg8 36. Rxd7 {winning, was one of the lines that I
suspect Ivanchuk had calculated when he played 30.f5 but as I always say to my
students "Long line, wrong line". It's not surprising that Black has the nice
"zwischenzug" 31...Be4+ that leaves White on the ropes.}) 32. Ka1 (32. Nxe4
Rc1+ 33. Rxc1 Qxc1#) {And White is busted. Ivanchuk played his last card.}
32... fxe6 33. Bxg7 Qa5 $1 (33... Kxg7 34. Rd7 Rxc3 $1 35. bxc3 b2+ 36. Kxb2
Rb8+ 37. Ka1 Rb1+ $1 38. Rxb1 Qxd7 {is also winning but as Sarin said in the
commentary "there is no need to capture the bishop and Parham won't". He was
right!}) 34. Bf6 Bxa3 $1 35. Rd8+ (35. bxa3 Qxa3+ 36. Na2 Qxa2+) 35... Bf8+ {
Blacking a check and delivering mate at the same time is a very nice way to
end the tournament!} 0-1

[Event "TUR-chT"]
[Site "Konya"]
[Date "2019.07.24"]
[Round "8.4"]
[White "Ivanchuk, Vassily"]
[Black "Benidze, Davit"]
[Result "1-0"]
[WhiteElo "2684"]
[BlackElo "2469"]
[PlyCount "127"]
[EventDate "2019.07.17"]
[EventType "team-tourn"]
[EventRounds "13"]
[EventCountry "TUR"]
[SourceTitle "CBM 191 Extra"]
[Source "ChessBase"]
[SourceDate "2019.09.30"]
[SourceVersion "1"]
[SourceVersionDate "2019.09.30"]
[SourceQuality "1"]
[WhiteTeam "Tatvan Satranc Egitimi"]
[BlackTeam "Kahramanmaras Buyuksehir"]
[WhiteTeamCountry "TUR"]
[BlackTeamCountry "TUR"]

1. e4 c6 2. d4 d5 3. exd5 cxd5 4. c4 Nf6 5. Nc3 e6 6. Nf3 Be7 7. cxd5 Nxd5 8.
Bd3 O-O 9. O-O Nc6 10. Re1 g6 11. Bh6 Re8 12. Be4 b6 13. h4 Bb7 14. h5 Bf8 15.
Bxf8 Nxc3 16. bxc3 Rxf8 17. Qd2 Qf6 18. Re3 Rac8 19. Rae1 Rc7 20. Qe2 Ne7 21.
Bxb7 Rxb7 22. Ne5 Rc7 23. Rf3 Qg5 24. Rg3 Qf6 25. Qd2 Nf5 26. Rh3 Rfc8 27. Ng4
Qe7 28. hxg6 fxg6 29. Re5 Rd8 30. a4 Rd6 31. a5 Rd5 32. axb6 axb6 33. Qe1 Rd6
34. Rb5 h5 35. Ne5 Qg5 36. Rb1 Kg7 37. Rd3 Qd8 38. Nf3 Qf6 39. Nd2 Rdc6 40. Ne4
Qd8 41. Rb5 Ra7 42. Rd1 Ra5 43. Rb2 Rd5 44. f4 Qc8 45. Ra1 Qc7 46. Rf2 b5 47.
Ng5 Kf6 48. Ra8 b4 49. Rf8+ Kg7 50. Rf7+ Qxf7 51. Nxf7 Kxf7 52. cxb4 Rc4 53.
Ra2 Rcxd4 54. Ra7+ Kf6 55. Qc3 Nd6 56. Ra5 Ne4 57. Qb2 Rd7 58. b5 Kf7 59. b6
Rd2 60. Qh8 Rd1+ 61. Kh2 Nf6 62. Ra7 R1d3 63. g3 Rd2+ 64. Kh3 1-0

[Event "HUN-chT 1920"]
[Site "Hungary"]
[Date "2020.02.16"]
[Round "6.1"]
[White "Ivanchuk, Vassily"]
[Black "Erdos, Viktor"]
[Result "1/2-1/2"]
[WhiteElo "2679"]
[BlackElo "2613"]
[PlyCount "96"]
[EventDate "2019.11.16"]
[EventType "team-tourn"]
[EventRounds "9"]
[EventCountry "HUN"]
[SourceTitle "CBM 195 Extra"]
[Source "ChessBase"]
[SourceDate "2020.05.31"]
[SourceVersion "1"]
[SourceVersionDate "2020.05.31"]
[SourceQuality "1"]
[WhiteTeam "DVTK"]
[BlackTeam "Kobanya Aquarena"]
[WhiteTeamCountry "HUN"]
[BlackTeamCountry "HUN"]

1. e4 e5 2. Nf3 Nc6 3. Bb5 a6 4. Ba4 Nf6 5. O-O Be7 6. Re1 b5 7. Bb3 d6 8. c3
O-O 9. h3 Re8 10. d4 Bb7 11. Nbd2 Bf8 12. a3 h6 13. Bc2 Nb8 14. a4 Nbd7 15. Bd3
d5 16. axb5 dxe4 17. Nxe4 Nxe4 18. Bxe4 Bxe4 19. Rxe4 axb5 20. Bd2 Rxa1 21.
Qxa1 exd4 22. Rxd4 Bc5 23. Rd3 Qe7 24. Be3 Ne5 25. Nxe5 Qxe5 26. Bxc5 Qxc5 27.
Qd1 Qc4 28. Rd7 c5 29. Qf3 b4 30. cxb4 cxb4 31. Rb7 Rc8 32. Kh2 Qe6 33. g3 Rc4
34. h4 Rd4 35. Rb5 g6 36. h5 gxh5 37. Rxh5 Kg7 38. Rb5 Qf6 39. Qe3 Rc4 40. Rb6
Qg5 41. Qf3 Qe5 42. b3 Rd4 43. Rb7 Qf6 44. Qe3 h5 45. Rb5 h4 46. Rf5 Qd6 47.
Qg5+ Qg6 48. Qxg6+ Kxg6 1/2-1/2

[Event "Zagreb Peace"]
[Site "Zagreb"]
[Date "2019.11.21"]
[Round "3"]
[White "Ivanchuk, Vassily"]
[Black "Nisipeanu, Liviu Dieter"]
[Result "1-0"]
[WhiteElo "2679"]
[BlackElo "2656"]
[PlyCount "77"]
[EventDate "2019.11.19"]
[EventType "tourn"]
[EventRounds "11"]
[EventCountry "CRO"]
[EventCategory "16"]
[SourceTitle "CBM 193 Extra"]
[Source "ChessBase"]
[SourceDate "2020.01.31"]
[SourceVersion "1"]
[SourceVersionDate "2020.01.31"]
[SourceQuality "1"]

1. c4 e6 2. Nc3 d5 3. d4 c6 4. Nf3 Nf6 5. e3 a6 6. h3 c5 7. cxd5 exd5 8. b3
cxd4 9. Nxd4 Bb4 10. Bb2 Ne4 11. Qc2 Qa5 12. Nde2 O-O 13. a3 Bxc3+ 14. Nxc3 Nf6
15. b4 Qc7 16. Bd3 d4 17. Ne4 Qxc2 18. Nxf6+ gxf6 19. Bxc2 dxe3 20. fxe3 Re8
21. O-O Rxe3 22. Rxf6 Nd7 23. Rh6 Nf8 24. Rd1 Re8 25. Rd5 Be6 26. Rdh5 Rec8 27.
Be4 Rab8 28. Be5 Rc1+ 29. Kh2 Rbc8 30. Bxb7 Rd8 31. Bxa6 Rdd1 32. Be2 Rh1+ 33.
Kg3 Rb1 34. Bf3 Rb3 35. Bf6 Nd7 36. Be7 Rxa3 37. Rxh7 Bf5 38. Rh8+ Kg7 39. Rd8
1-0

[Event "Europe Echecs online op April"]
[Site "Europe Echecs INT"]
[Date "2020.04.11"]
[Round "1"]
[White "Ivanchuk, Vassily"]
[Black "Briffaut, Jean Severin"]
[Result "1-0"]
[WhiteElo "2678"]
[BlackElo "1748"]
[PlyCount "87"]
[EventDate "2020.04.11"]
[EventType "swiss (blitz)"]
[EventRounds "11"]
[EventCountry "FRA"]
[SourceTitle "EXT 2021"]
[Source "ChessBase"]
[SourceDate "2020.10.23"]
[SourceVersion "1"]
[SourceVersionDate "2020.10.23"]
[SourceQuality "1"]

1. e4 e5 2. Nf3 Nc6 3. d4 exd4 4. c3 d6 5. cxd4 Nf6 6. Nc3 Bg4 7. Be2 Be7 8.
O-O O-O 9. Be3 h6 10. Rc1 a6 11. h3 Bh5 12. d5 Ne5 13. Nxe5 Bxe2 14. Nxf7 Bxd1
15. Nxd8 Bxd8 16. Rfxd1 Nd7 17. Ne2 Re8 18. f3 Nf8 19. Nd4 Kf7 20. Kf2 g5 21.
Rc2 Rc8 22. Rdc1 Re7 23. b4 Rd7 24. a4 Kf6 25. h4 Rh7 26. hxg5+ hxg5 27. Kg3
Ra8 28. Nf5 Ng6 29. Bd4+ Ne5 30. Ne3 Kg6 31. Bxe5 dxe5 32. Ng4 Re7 33. Rh1 Kg7
34. Rh5 Kg6 35. Rh6+ Kg7 36. Rc1 c6 37. dxc6 bxc6 38. Rcxc6 Rb8 39. Ne3 Reb7
40. Nf5+ Kg8 41. Rcg6+ Kf8 42. Rh8+ Kf7 43. Rg7+ Kf6 44. Rh6# 1-0

[Event "Europe Echecs online op April"]
[Site "Europe Echecs INT"]
[Date "2020.04.11"]
[Round "6"]
[White "Claverie, Christophe"]
[Black "Ivanchuk, Vassily"]
[Result "0-1"]
[WhiteElo "2304"]
[BlackElo "2678"]
[PlyCount "84"]
[EventDate "2020.04.11"]
[EventType "swiss (blitz)"]
[EventRounds "11"]
[EventCountry "FRA"]
[SourceTitle "EXT 2021"]
[Source "ChessBase"]
[SourceDate "2020.10.23"]
[SourceVersion "1"]
[SourceVersionDate "2020.10.23"]
[SourceQuality "1"]

1. d4 d5 2. Nf3 Nf6 3. Bf4 c6 4. c3 Bf5 5. Nbd2 e6 6. e3 Nbd7 7. Be2 h6 8. h3
Be7 9. O-O O-O 10. Ne5 Nxe5 11. Bxe5 Nd7 12. Bg3 Re8 13. Bf3 Nf6 14. Be5 a5 15.
Qe2 Bf8 16. Rae1 Nd7 17. Bg3 e5 18. dxe5 Nxe5 19. Bxe5 Rxe5 20. Rd1 Qc7 21.
Rfe1 a4 22. Bg4 Bh7 23. Nf3 Ree8 24. Nd4 Qe5 25. Qd2 h5 26. f4 Qc7 27. Bxh5 Bc5
28. Bf3 Re7 29. Kh1 Rae8 30. b4 axb3 31. axb3 Be4 32. b4 Bb6 33. Rf1 Qd7 34.
Bg4 Qd6 35. Rde1 Qf6 36. Re2 Qg6 37. Bf3 Bd3 38. f5 Bxf5 39. Nxf5 Qxf5 40. Rfe1
Qe5 41. e4 Bc7 42. g4 Qg3 0-1